000 01208nam a2200253Ia 4500
003 Ost
005 20260507075649.0
008 260507s9999||||xx |||||||||||||| ||und||
020 _a6514119957
040 _cfsecg
041 _aara
082 _a332.6
100 _aمطر، محمد
_eمؤلف
245 0 _aإدارة الإستثمارات :
_bالإطار النظري والتطبيقات العملية /
_c محمد مطر
250 _aطبعة 3
260 _aعمان:
_bدار وائل للنشر والتوزيع,
_c2004
300 _a400 صفحة؛
_bإيضاحات ؛
_c24 سم
520 _aالمفاهيم الأساسية للإستثمار- المقومات الأساسية لقرارات الإستثمار- مخاطر الإستثمار- مجالات وأدوات الإستثمار- المحافظ الإستثمارية- أسواق المال- تحليل الاسهم والسندات- المشتقات المالية- أساليب تقييم المشروعات الإستثمارية طويلة الأجل.
653 _aالإدارة
653 _aالإستثمارات
653 _aالأسواق المالية
653 _aالإقتصاد
942 _cكتاب
999 _c45546
_d45546